Costa Rica en Juan Bosch /

La cultura y la democracia de Costa Rica se han enriquecido con singulares aportes de la República Dominicana y de algunos de sus hijos. Don Juan Bosch, quien convivió en el país antes de sus ascenso a la Presidencia de la República, es uno de los más notables. A razón de lo anterior, en este libro...

詳細記述

保存先:
書誌詳細
第一著者: Vargas Araya, Armando
フォーマット: 不明
出版事項: San José, Costa Rica : Editorial Juricentro
主題:
タグ: タグ追加
タグなし, このレコードへの初めてのタグを付けませんか!

MARC

LEADER 00000 a2200000 04500
001 42889
003 cru CIDCACS/IIS
005 20231211110514.0
008 991231s d
020 |a 978-9977-31-169-2  
022 |a 978-9977-31-169-2  
040 |c cru CIDCADS/IIS  |a cru CIDCACS/IIS 
090 |a 04.04.02 V297co  
100 |a Vargas Araya, Armando  
245 |a Costa Rica en Juan Bosch /   |c Armando Vargas Araya  
260 |a San José, Costa Rica :   |b Editorial Juricentro  
300 |a 330 páginas :   |b fotos  
520 |a La cultura y la democracia de Costa Rica se han enriquecido con singulares aportes de la República Dominicana y de algunos de sus hijos. Don Juan Bosch, quien convivió en el país antes de sus ascenso a la Presidencia de la República, es uno de los más notables. A razón de lo anterior, en este libro se exploran algunas facetas de su estupenda contribución literaria y política; además, se rescatan dieciocho de sus “escritos costarricenses”. El libro de se compone de dos partes, la primera “Juan Bosch, puente entre Costa Rica y las Antillas” rescata las relaciones entre Costa Rica y República Dominica, la llegada de Bosch, la vida política y cultural del mismo. La segunda “Textos costarricenses de Juan Bosch” rescata sus textos, entre cuentos, críticas, conferencias, artículos de revistas y extractos de libros. Don Juan es el caso, excepcional en Latinoamérica, de un político cuyo péndulo va del positivismo al marxismo (como método científico de análisis social) para volver al centro del espectro ideológico con pensamiento propio. Su conducta honesta, valiente y militante como gobernante y como líder, lo enaltecieron a símbolo de la dignidad dominicana y paradigma cívico de la juventud. KDV/230817 
650 1 0 |9 126  |a CULTURA 
650 1 0 |9 83  |a DEMOCRACIA 
650 1 0 |9 3691  |a POLITICA 
650 1 0 |9 3235  |a LITERATURA 
650 1 0 |9 3638  |a LIDERAZGO POLITICO 
650 0 |9 5309  |a MÉTODO CIENTÍFICO 
650 0 |9 5310  |a BOSCH, JUAN, 1909 - 2001 
650 1 0 |9 236  |a MARXISMO 
651 1 0 |9 32  |a COSTA RICA 
651 1 0 |9 17  |a AMERICA LATINA 
651 1 0 |9 309  |a REPUBLICA DOMINICANA 
942 |2 z  |c LI  |h 04.04.02 V297co   |i 10702  |6 040402_V297CO_10702 
999 |c 14107  |d 14107